LEADER 00977cam0-22003131i-450- 001 990004586990403321 005 20050117094737.0 010 $a0-393-00545-3 035 $a000458699 035 $aFED01000458699 035 $a(Aleph)000458699FED01 035 $a000458699 100 $a19990604d1970----km-y0itay50------ba 101 0 $aeng 102 $aUS 105 $ay-------001yy 200 1 $aPagan and christian in an age of anxiety$eSome aspects of religious experience from Marcus Aurelius to Costantine$fE.R. Dodds 210 $aNew York$cThe Norton Library$d1970 215 $aXII, 144 p.$d21 cm 610 0 $aReligiosità$asecoli 2.-4. 676 $a291.42$v21$zita 700 1$aDodds,$bEric Robertson$0160127 801 0$aIT$bUNINA$gRICA$2UNIMARC 901 $aBK 912 $a990004586990403321 952 $a291.42 DOD 1$b2940 Ist. St. Ant. gr.-rom.$fFLFBC 959 $aFLFBC 996 $aPagan and christian in an age of anxiety$922290 997 $aUNINA LEADER 00894nam a2200253 i 4500 001 991003141559707536 005 20230515164442.0 008 080108s2003 enk|||||||||||||1|||eng d 020 $a9780691113821 035 $ab13636728-39ule_inst 040 $aISUFI - Sett. Patrimonio Culturale$bita 082 04$a320.01 100 1 $aMarkell, Patchen$0627126 245 10$aBound by Recognition /$cPatchen Markell 260 $aPrinceton, N.J. ;$aOxford :$bPrinceton University Press,$cc2003 300 $axiii, 284 p. ;$c24 cm 650 0$aMulticulturalismo 650 0$aDemocrazia 907 $a.b13636728$b28-03-22$c08-01-08 912 $a991003141559707536 945 $aLE016 320.01 MAR 01.01$g1$i2016000075281$lle016$op$pE21.94$q-$rn$so$t0$u0$v0$w0$x0$y.i1470092x$z25-03-08 996 $aBound by Recognition$91212447 997 $aUNISALENTO 998 $ale016$b08-01-08$cm$da$en$feng$genk$h0$i0